Paesi a due confini dalla Germania - Statistics

Statistiche generali
  • Questo quiz è stato fatto 71 volte
  • Il punteggio medio è 14 su 16
Statistiche sulle risposte
Risposta % Corretto
Italia
100%
Slovacchia
98%
Ungheria
98%
Russia
97%
Slovenia
97%
Spagna
97%
Liechtenstein
95%
Lituania
95%
Ucraina
93%
Andorra
91%
Bielorussia
91%
Monaco
79%
Svezia
67%
Brasile
57%
Regno Unito
55%
Suriname
52%
Nessun quiz corrispondente trovato
Distribuzione punteggi
Percentuale di utenti per punteggio
Percentile per numero di risposta
I tuoi punteggi nel tempo
Non hai fatto questo quiz